Pokémon - Le talent Cœur Soin - Statistiques

Statistiques générales
  • Ce quiz a été pris 9 fois
  • Le résultat moyen est 8 sur 10
Statistiques - réponses
Types Pokémon % Correct
Psy Bibichut
89%
Psy Chapotus
89%
Eau Mamanbo
89%
Normal Nanméouïe
89%
Psy Sorcilence
89%
Normal Leuphorie
78%
Normal Leveinard
78%
Fée Cocotine
67%
Fée Fluvetin
67%
Plante Joliflor
56%
Aucun quiz correspondant
Distribution des résultats
% des personnes avec chaque résultat
Percentile par nombre de réponses
Votre historique - résultats
Vous n’avez pas pris ce quiz